000
00336nam a2200145Ia 4500
008
230718s9999 xx 000 0 und d
041
_a
Eng.
082
_a
38414
_b
WIL-S
100
_a
Willis, Nicola
245
0
_a
Stop No smoking loom
260
_a
Pakistan
_b
exford units for
_c
1999
300
_a
180
650
_a
Law
999
_c
26657
_d
26657